|
|
|
|
| LEADER |
00000caa a2200000 a 4500 |
| 001 |
vtls010252892 |
| 003 |
SK-MaSNL |
| 005 |
20260319074738.0 |
| 008 |
110302s2005 xo o e 000 0 ger |
| 015 |
|
|
|a SNBRA2006/03
|
| 035 |
|
|
|a SVKKK000058499
|
| 038 |
|
|
|a SVKKK
|
| 040 |
|
|
|a SVKKK
|b slo
|c SVKKK
|e AACR2
|
| 041 |
0 |
|
|a ger
|
| 044 |
|
|
|a xo
|c SK
|
| 080 |
|
|
|a 284-051
|2 1997
|
| 080 |
|
|
|a 929 Bauhofer, Georg
|2 1997
|
| 080 |
|
|
|a 929 Württemberg, Maria Dorothea von
|2 1997
|
| 080 |
|
|
|a 94(439.2)"17/18"
|2 1997
|
| 100 |
1 |
|
|a Klipp, Anton
|4 aut
|9 312549
|
| 245 |
1 |
0 |
|a Fragmente zur Geschichte des Protestantismus in Altungarn :
|b Maria Dorothea von Württemberg und Georg Bauhofer (zum 200. Geburtsjubiläum)
|c Anton Klipp
|
| 300 |
|
|
|b Obr.
|
| 504 |
|
|
|a Bibliogr. odkazy
|
| 600 |
1 |
7 |
|a Bauhofer, Georg,
|d 1806-1864
|2 SNKMA
|9 834550
|
| 600 |
1 |
7 |
|a Württemberg, Maria Dorothea von,
|d 1797-1855
|2 SNKMA
|9 834551
|
| 648 |
|
7 |
|a 18. - 19. stor.
|2 SNKPH
|9 681551
|
| 650 |
0 |
7 |
|a protestantizmus
|2 SNKPH
|9 4018
|
| 651 |
|
7 |
|a Uhorsko
|x dejiny
|2 SNKPH
|9 56334
|
| 655 |
|
7 |
|a články
|2 snkbucl
|9 70601
|
| 773 |
0 |
|
|t Karpatenjahrbuch 2006
|d Kežmarok : ViViT s.r.o., 2005
|z 80-88903-78-5
|g Roč. 57, s. 49-67
|q 57
|
| 852 |
|
|
|a SVKKK
|b BIB
|
| 958 |
|
|
|a BC
|
| 958 |
|
|
|a NB
|
| 999 |
|
|
|c 1346948
|d 1348878
|